You are cordially invited to the preview of an exhibition of the work of Jean Arp
Descripción Física:
targeta ; 16'5 x 11'5 cm
Idioma:
Catalán , English
MARC
| LEADER | 00000nam a2200000 a 4500 | ||
|---|---|---|---|
| 001 | 29221 | ||
| 003 | AGDB | ||
| 005 | 20260324181543.0 | ||
| 008 | 260109b spa||||| |||| 00| 0 cat d | ||
| 040 | |a agdb |b cat | ||
| 041 | |a eng | ||
| 245 | |a You are cordially invited to the preview of an exhibition of the work of Jean Arp |h (targeta) | ||
| 260 | |a [s.l.] : |b [s.n.], |c [s.a.] | ||
| 300 | |a targeta ; |c 16'5 x 11'5 cm | ||
| 500 | |a Prové del fons Joan Junyer i Pascual (1909-1994) | ||
| 650 | |a Fons Joan Junyer i Pascual (1909-1994) |9 72777 | ||
| 650 | 0 | |a Art |x Exposicions |2 Arxiu |9 43798 | |
| 942 | |2 udc |c ARXIU |n 1 | ||
| 952 | |0 0 |1 0 |2 udc |4 0 |6 F504314 |7 1 |9 98909 |a Arxiu |b Arxiu |d 2026-01-09 |l 0 |o F-504-314 |p 29221 |r 2026-01-09 13:39:12 |w 2026-01-09 |y ARXIU | ||
| 999 | |c 130577 |d 130577 | ||